LIBRARY & INFORMATION CENTRE, KCAET, TAVANUR

ONLINE PUBLIC ACCESS CATALOGUE (OPAC)

Control of water / (Record no. 1586)

MARC details
000 -LEADER
fixed length control field 00378cam a2200157ua 4500
003 - CONTROL NUMBER IDENTIFIER
control field OSt
008 - FIXED-LENGTH DATA ELEMENTS--GENERAL INFORMATION
fixed length control field 250823b |||||||| |||| 00| 0 eng d
041 ## - LANGUAGE CODE
Language code of text/sound track or separate title eng
082 ## - DEWEY DECIMAL CLASSIFICATION NUMBER
Classification number 628.1
Item number PAR/CO
100 ## - MAIN ENTRY--AUTHOR NAME
Personal name Parker, Philip Marley A
245 ## - TITLE STATEMENT
Title Control of water /
250 ## - EDITION STATEMENT
Edition statement 2 /
260 ## - PUBLICATION, DISTRIBUTION, ETC. (IMPRINT)
Place of publication :
Name of publisher Routledge & Kegan Paul Ltd ,
Year of publication 1949.
300 ## - PHYSICAL DESCRIPTION
Number of Pages 1055 ; .
942 ## - ADDED ENTRY ELEMENTS (KOHA)
Koha item type Books
Holdings
Withdrawn status Lost status Damaged status Home library Current library Date acquired Full call number Accession Number Koha item type
      KAUAET KAUAET 07/04/2012 628.1 PAR/CO 3459 Books
free website counter